Psicooncología : diferentes miradas /
Estudio que aborda al enfermo con cáncer y a su familia desde diversos planteamientos que permitan significar y dar sentido a su condición personal. Contiene: Cuidados paliativos; Afectos y familia; Prevención del tabaquismo; La religión y la espiritualidad en el abordaje terapéutico; El silencio de...
Сохранить в:
| Другие авторы: | |
|---|---|
| Формат: | |
| Язык: | испанский |
| Опубликовано: |
Buenos Aires, Argentina ;
Lugar Editorial,
2004, c2004
|
| Предметы: | |
| Метки: |
Нет меток, Требуется 1-ая метка записи!
|
MARC
| LEADER | 00000nam^a2200000^a^4500 | ||
|---|---|---|---|
| 001 | 000182707 | ||
| 005 | 20250521000000.0 | ||
| 009 | 20260310102017.304 | ||
| 020 | |a 950-892-187-0 | ||
| 037 | |a Acervo ITESO - Biblioteca | ||
| 041 | |a ESP | ||
| 082 | |a 616. 9940019 |b PSI | ||
| 245 | 0 | 0 | |a Psicooncología : |b diferentes miradas / |c L. Aresca... [et al.] ; introd. de Dora Birgin ; pról. de José Schavelzon. |
| 264 | 4 | |a Buenos Aires, Argentina ; |b Lugar Editorial, |c 2004, c2004 | |
| 300 | |a 105 p. | ||
| 336 | |a texto |b txt |2 rdacontenido | ||
| 337 | |a sin mediación |b n |2 rdamedio | ||
| 338 | |a volumen |b nc |2 rdasoporte | ||
| 520 | |a Estudio que aborda al enfermo con cáncer y a su familia desde diversos planteamientos que permitan significar y dar sentido a su condición personal. Contiene: Cuidados paliativos; Afectos y familia; Prevención del tabaquismo; La religión y la espiritualidad en el abordaje terapéutico; El silencio de los inocentes; Culpa ¿y castigo?; Psicología y cáncer; Aportes de la psicoterapia cognitivo-conductual al tratamiento de pacientes con cáncer. | ||
| 649 | |a XX | ||
| 650 | |a Enfermos - |x Condiciones Psicológicas | ||
| 650 | |a Cáncer - |x Aspectos Psicológicos | ||
| 650 | |a Cáncer - |x Tratamiento | ||
| 650 | |a Tumores | ||
| 650 | |a Tabaquismo | ||
| 650 | |a Enfermedades | ||
| 650 | |a Culpa | ||
| 650 | |a Castigo y Extinción | ||
| 650 | |a Espiritualidad | ||
| 650 | |a Oncología | ||
| 650 | |a Terapia Conductual-Cognoscitiva | ||
| 650 | |a Psicoterapia | ||
| 650 | |a Psicoanálisis | ||
| 650 | |a Psicología Clínica | ||
| 650 | |a Psicología de la Salud | ||
| 650 | |a Medicina | ||
| 700 | |a Aresca, Laura |e (autor) | ||
| 910 | |a Fondo General | ||
| 920 | |a Impresos - Libros | ||
| 930 | |a Colección General | ||
| 905 | |a 101 | ||
| 901 | |a 0500122759 |b IT1 |c ACC |u 20250521 | ||
| 902 | |a https://opac.biblio.iteso.mx/vufind/Record/000182707 | ||